000 01588nam a2200349 i 4500
003 CO-BoRNBP
005 20230411141007.0
007 ta
008 200407s9999 XX 000 0 und d
020 _a9580703108
040 _aCO-BoRNBP
_bspa
_erda
_cCO-BoRNBP
041 _aspa
084 _aC MAU1
100 1 _aMaupassant, Guy de, 1850-1893
_91075
245 0 _aEl París oscuro /
_c Guy de Maupassant
250 _aPrimera edición
264 1 _aEnvigado :
_b Susaeta,
_c 1994
300 _a130, 29 páginas
336 _atexto
_btxt
_2rdacontent
337 _asin mediación
_bn
_2rdamedia
338 _avolumen
_bnc
_2rdacarrier
490 0 _aBiblioteca distinta
505 _aCuentos : Una vendetta ; La confesión (1) ; La confesión (2) ; El Horla ; La mano desollada ; La noche (pesadilla) ; La cabellera. Ensayos :De París en claridades y oscuridades ; Guy de Maupassant, la pasión de escribir
650 1 7 _aAutores franceses
_2ARMARC
_91076
650 1 7 _aCuentos de terror
_2ARMARC
_91077
650 1 7 _aCuentos franceses
_2ARMARC
_91078
650 1 7 _aDesde los 15 años
_2ARMARC
_91079
650 1 7 _aEnsayos franceses
_2ARMARC
_91080
700 _aAnjel R., José Guillermo Spitaletta, Reinaldo \ Anjel R., José Guillermo. De París en claridades y oscuridades \ Spitaletta, Reinaldo. Guy de Maupassant, la pasión de escribir
_91081
740 _aUna vendetta \ La confesión, 1 \ La confesión, 2 \ El Horla \ La mano desollada \ La noche (pesadilla) \ La cabellera \ De París en claridades y oscuridades \ Guy de Maupassant, la pasión de escribir
942 _cBK
999 _c9356
_d9356